| 000 | 01093nam a22002177a 4500 | ||
|---|---|---|---|
| 005 | 20240814174528.0 | ||
| 008 | s2528 th tha d | ||
| 040 | _aNALT | ||
| 041 | _atha | ||
| 100 | 0 | _aถาวร โพธิ์ทอง | |
| 245 | 1 | 0 | _aคำอธิบายประมวลกฎหมายแพ่งและพาณิชย์ว่าด้วย ประกันด้วยบุคคลและทรัพย์ [3rd] |
| 260 | 3 |
_aกรุงเทพฯ : _bสำนักพิมพ์มหาวิทยาลัยธรรมศาสตร์, _c2528 |
|
| 300 |
_a135 หน้า ; _b 26 ซม. |
||
| 650 | 0 | 4 | _aกฎหมายแพ่งและพาณิชย์ -- ค้ำประกัน |
| 650 | 0 | 4 | _aกฎหมายแพ่งและพาณิชย์ -- จำนอง |
| 650 | 0 | 4 | _aกฎหมายแพ่งและพาณิชย์ -- จำนำ |
| 850 | _aNALT | ||
| 942 |
_cLB _2lcc |
||
| 999 |
_c17950 _d17950 |
||
| 998 |
_j25 _k นีลวัสน์ อินทรักษา |
||
| 090 | _aKS45 ถ332ค 2528 | ||